Words with only one Vowel: I - Statistics

General Stats
  • This quiz has been taken 842 times
    826 since last reset
  • The average score is 10 of 20
Answer Stats
Hint Answer % Correct
Part of the eye Iris
84%
Brother or sister Sibling
81%
Lunch out of a basket Picnic
76%
Person harmed by a crime Victim
74%
Frosting on a cake Icing
73%
Extremely cold Frigid
55%
Flightless New Zealand bird Kiwi
55%
Number or finger Digit
54%
US State Mississippi
53%
Very shy Timid
51%
Division of a baseball game Inning
50%
Yellow polka dot... Bikini
44%
A bright tint in the hair Highlight
42%
Thumbing a ride Hitchhiking
42%
Medical center Clinic
38%
Imitate Mimic
27%
Forbidden by law Illicit
26%
Silly or immature Childish
21%
Musical half-note in the UK Minim
10%
Courteous and polite Civil
9%
No matching quizzes found
Score Distribution
Percent of People with Each Score
Percentile by Number Answered
Your Score History
You have not taken this quiz since the last reset